|
|
|
|
| LEADER |
01457cam a2200373 a 4500 |
| 001 |
001596 |
| 003 |
AR-BeUNQ |
| 005 |
20210601100332.0 |
| 008 |
950714s1993 ag 000 0 spa d |
| 999 |
|
|
|c 4397
|d 79784
|
| 020 |
|
|
|a 9502521661
|
| 040 |
|
|
|a AR-BeUNQ
|e aacr
|
| 099 |
|
|
|a 04-C6
|
| 245 |
0 |
0 |
|a De mujer a género :
|b teoría, interpretación y práctica feminista en las ciencias sociales /
|c María Cecilia Cangiano ; Lindsay Dubois.
|
| 260 |
|
|
|a Buenos Aires :
|b Centro Editor de America Latina,
|c 1993
|
| 300 |
|
|
|a 161 p
|
| 490 |
0 |
|
|a Los fundamentos de las ciencias del hombre ;
|v v. 92
|
| 594 |
|
|
|a LICENCIATURA EN HISTORIA
|
| 594 |
|
|
|a MAESTRIA EN HISTORIA PUBLICA Y DIVULGACION DE LA HISTORIA
|
| 595 |
|
|
|a PRINCIPALES CORRIENTES HISTORIOGRAFICAS
|d 2016
|
| 595 |
|
|
|a TALLER DE INVESTIGACIÓN EN HISTORIA PUBLICA Y DIVULGACION DE LA HISTORIA
|d 2021
|
| 650 |
|
7 |
|a Ciencias sociales y humanidades
|2 spines
|
| 650 |
|
7 |
|a Movimientos feministas
|2 spines
|
| 650 |
|
7 |
|a Antropología social
|2 spines
|
| 650 |
|
7 |
|a Aspectos sociales
|2 spines
|
| 650 |
|
7 |
|a Conflictos sociales
|2 spines
|
| 650 |
|
7 |
|a Problemas sociales
|2 spines
|
| 650 |
|
7 |
|a Filosofía social
|2 spines
|
| 650 |
|
7 |
|a Igualdad social
|2 spines
|
| 650 |
|
7 |
|a Reconocimiento social
|2 spines
|
| 650 |
|
7 |
|a Mujeres
|2 spines
|
| 700 |
1 |
|
|a Cangiano, María Cecilia
|e comp
|4 com
|
| 929 |
|
|
|a COMPRA
|b Centro Editor de América Latina
|c Exp. 827-0465/95
|d 5,00
|e 19950714
|j 12068
|
| 942 |
|
|
|c LIB
|n 0
|